000
00320nam a2200133Ia 4500
005
20260328104338.0
008
260328s9999||||xx |||||||||||||| ||und||
100
_a
Bullaude, José
245
0
_a
El Nuevo Mundo de la Imagen /
_c
José Bullaude
260
_b
Eudeba
300
_a
90 p.
650
_a
ESCUELAS
942
_c
BK
999
_c
11984
_d
11984